FAO species catalogue : An annotated and illustrated cataloque of species of interest to fisheries known to date
This is the 13th issue in the FAO series of world-wide annotated and illustrated catalogues of major groups of organisms that enter marine fisheries. The present volumn on marine lobster includes 149 species in 3 infraoders, 10 families and 33 genera.
Saved in:
| Corporate Author: | |
|---|---|
| Format: | Book |
| Language: | Undetermined |
| Published: |
Rome
FAO
1991
|
| Subjects: | |
| Tags: |
Add Tag
No Tags, Be the first to tag this record!
|
| Institutions: | Trung tâm Học liệu Trường Đại học Cần Thơ |
|---|
| LEADER | 00904nam a2200193Ia 4500 | ||
|---|---|---|---|
| 001 | CTU_143382 | ||
| 008 | 210402s9999 xx 000 0 und d | ||
| 082 | |a 595.3 | ||
| 082 | |b F686/vol.13 | ||
| 110 | |a Food and Agriculture Organization of the United Nations (FAO) | ||
| 245 | 0 | |a FAO species catalogue : | |
| 245 | 3 | |b An annotated and illustrated cataloque of species of interest to fisheries known to date | |
| 260 | |a Rome | ||
| 260 | |b FAO | ||
| 260 | |c 1991 | ||
| 520 | |a This is the 13th issue in the FAO series of world-wide annotated and illustrated catalogues of major groups of organisms that enter marine fisheries. The present volumn on marine lobster includes 149 species in 3 infraoders, 10 families and 33 genera. | ||
| 650 | |a Crustacea,Lobster fisheries,Tôm hùm, thủy sản,Giáp xác | ||
| 904 | |i Trọng Hiếu | ||
| 980 | |a Trung tâm Học liệu Trường Đại học Cần Thơ | ||